Determinación de los parámetros cinéticos de degradación térmica de los subproductos de las plantas de beneficio mediante análisis termogravimétrico y calorimetría de barrido diferencial. (Registro nro. 26525)

Detalles MARC
000 -ENCABEZADO
Número de control [NR] 03311nam a22003977i 4500
001 - NÚMERO DE CONTROL
control field B-11760
003 - IDENTIFICADOR DE CONTROL NÚMERO
control field CO-BoFNCP
007 - CAMPO DESCRIPCIÓN FÍSICA FIJA - INFORMACIÓN GENERAL
fixed length control field t||
008 - DE LONGITUD FIJA DE DATOS DE ELEMENTOS - INFORMACIÓN GENERAL
Elementos de longitud fija [NR] 090306s2008 ck r spa d
040 ## - FUENTE DE CATALOGACION [NR]
Agencia de catalogación original [NR] CO-BoFNCP
Idioma de catalogación [NR] Español
Quien Cataloga CO-BoFNCP
Convenciones de la descripción [NR] rda
041 ## - CODIGO DE IDIOMA [R]
Código de idioma para texto/pista de sonido o título separado [R] Español
043 ## - CODIGO DE AREA GEOGRAFICA [NR]
Código de área geográfica [R] ck
084 ## - OTRO NUMERO DE CLASIFICACION [R]
Número clasificador [R] A-
100 1# - ASIENTO PRINCIPAL--NOMBRE PERSONAL [NR]
Nombre personal [NR] García N., Jesús A.
ID Autoridad 37117,
Término relacionador [R] autor.
Relator code aut
245 10 - MENCION DE TITULO [NR]
Título [NR] Determinación de los parámetros cinéticos de degradación térmica de los subproductos de las plantas de beneficio mediante análisis termogravimétrico y calorimetría de barrido diferencial.
246 2# - FORMA VARIANTE DEL TITULO [R]
Título propiamente dicho/forma breve del título [NR] Determination of kinetic parameters of thermal degradation of palm oil mill by-products using thermogravimetric analysis and differential scanning calorimetry
264 #4 - PRODUCCIÓN, PUBLICACIÓN, DISTRIBUCIÓN, FABRICACIÓN Y COPYRIGHT
Fecha de producción, publicación, distribución, fabricación o copyright ©2008
300 ## - DESCRIPCION FISICA [R]
Extensión [R] páginas 31-46 :
Otros detalles físicos [NR] Tablas, gráficos.
336 ## - TIPO DE CONTENIDO
Término de tipo de contenido texto
Código de tipo de contenido txt
Fuente rdacontent
337 ## - TIPO DE MEDIO
Nombre/término del tipo de medio sin mediación
Código del tipo de medio n
Fuente rdamedia
338 ## - TIPO DE SOPORTE
Nombre/término del tipo de soporte volumen
Código del tipo de soporte nc
Fuente rdacarrier
500 ## - NOTA GENERAL [R]
Nota general [NR] Contiene resumen en español e inglés.
504 ## - NOTA DE BIBLIOGRAFIA, ETC. [R]
Nota de bibliografía, etc. [NR] Incluye 33 referencias bibliográficas.
520 ## - NOTA DE RESUMEN, ETC. [R]
Nota de sumario, etc. [NR] Empty fruit bunches (EFB), fiber, and shell are the main solid residues produced during extraction of oil from oil palm (Elaeis guineensis Jacq.). Thermogravimetric (TG) and differential scanning calorimetric (DSC) analyses of these materials were carried out on samples as received and after solvent extraction. Presence of extractives and ash had a strong effect on the thermal behavior of EFB. Observed thermal degradation behavior was described using two analytical approaches. The first approach considered that biomass thermal degradation occurs in three consecutive steps, while the second approach used three independent reactions as the model. The shapes of the TG and DSC curves were used to identify the degradation steps. The thermal degradation activation energy (E) and pre?exponential factor (A) obtained by both approaches were very similar.
520 ## - NOTA DE RESUMEN, ETC. [R]
Nota de sumario, etc. [NR] Los principales residuos sólidos producidos durante la extracción de aceite de la palma de aceite (Elaeis guineensis Jacq.) son los racimos vacíos de fruta o tusas, fibras y cuesco. Se realizaron análisis termogravimétrico (TG) y calorimétrico diferencial de barrido (CDB) de estos materiales en muestras tal como se recibieron y luego de la extracción con disolvente. La presencia de extractivos y cenizas tuvo un importante efecto en el comportamiento térmico de la tusa. El comportamiento de degradación térmica observado se describió mediante dos métodos analíticos. El primero consideró tres pasos consecutivos para la degradación térmica de la biomasa, mientras que el segundo método empleó tres reacciones independientes como modelo. Las formas de las curvas TG y CDB se usaron para identificar los pasos de degradación. La energía de activación (E) de la degradación térmica y el factor pre-exponencial (A) obtenidos mediante ambos métodos fueron muy similares.
650 #0 - ASIENTO SECUNDARIO DE MATERIA - TERMINO TEMATICO [R]
Término temático o nombre geográfico como elemento de entrada [NR] Aceite de palma
9 (RLIN) 29635.
650 #0 - ASIENTO SECUNDARIO DE MATERIA - TERMINO TEMATICO [R]
Término temático o nombre geográfico como elemento de entrada [NR] Biomasa
9 (RLIN) 3542.
650 #0 - ASIENTO SECUNDARIO DE MATERIA - TERMINO TEMATICO [R]
Término temático o nombre geográfico como elemento de entrada [NR] Extracción.
9 (RLIN) 10436
650 #0 - ASIENTO SECUNDARIO DE MATERIA - TERMINO TEMATICO [R]
Término temático o nombre geográfico como elemento de entrada [NR] Licor de prensas
9 (RLIN) 33472.
650 #0 - ASIENTO SECUNDARIO DE MATERIA - TERMINO TEMATICO [R]
Término temático o nombre geográfico como elemento de entrada [NR] Sedimentación.
9 (RLIN) 24307
700 1# - ASIENTO SECUNDARIO - NOMBRE PERSONAL [R]
Nombre personal [NR] Das, Keshav C.
9 (RLIN) 41349.
700 1# - ASIENTO SECUNDARIO - NOMBRE PERSONAL [R]
Nombre personal [NR] García P., Manuel
9 (RLIN) 41350.
773 0# - ASIENTO DEL ITEM FUENTE [R]
Asiento principal [NR] Palmas (Colombia)
Información sobre la relación [R] v. 29, no. 4 (2008), p.31-46
Número de control del registro [R] A-
Número Internacional Normalizado para Publicaciones Seriadas - ISSN [NR] 0121-2923
942 ## - ELEMENTOS DE ENTRADA AGREGADOS (KOHA)
Sistema de clasificación Local
Tipo de ítem principal el descrito en 300a Artículo
999 ## - NÚMEROS DE SISTEMAS DE CONTROL (KOHA)
Koha biblionumber 26525
Existencias
Estado de retiro (OPAC) Perdido Sistema de clasificación Dañado No prestable Ubicación habitual Ubicación actual Fecha de creación Total préstamos Signatura topográfica Código de barras Última vez visto Ejemplar Price effective from Tipo de ítem
    Local     1 - CID Palmero Bogotá 1 - CID Palmero Bogotá 10/21/2013   A- R-11760 10/21/2013 Ej. 1 10/21/2013 Artículo